The Weeknd/Kendrick Lamar "Pray for Me" Lyrics - Statistics

General Stats
  • This quiz has been taken 30 times
  • The average score is 246 of 381
Answer Stats
Lyrics % Correct
for
100%
me,
100%
me
100%
me?
100%
pray
100%
Who
100%
who
100%
a
96%
Go
96%
go
96%
go,
96%
I
96%
my
96%
My
96%
pain
92%
soul
92%
You
92%
you,
92%
you
92%
gon'
88%
take
88%
Take
88%
this
88%
I'm
83%
again.
79%
again,
79%
all
79%
die
79%
ready
79%
save
79%
Save
79%
the
79%
war
79%
life
75%
Life
75%
to
75%
alone.
71%
alone,
71%
always
71%
'Cause
71%
If
71%
if
71%
I'll
71%
is
71%
it
71%
It's
71%
kill
71%
know
71%
know?
71%
see.
71%
from
67%
in
67%
just
67%
Just
67%
myself,
67%
myself.
67%
same.
67%
that
67%
who's
67%
blood
63%
by
63%
live
63%
road
63%
Tell
63%
tell
63%
then
63%
Then
63%
and
58%
down
58%
fight
58%
spill
58%
with
58%
hell,
54%
when
54%
hero?
50%
hero,
50%
how
50%
many
50%
men,
50%
without
50%
case
46%
left.
46%
need
46%
own
46%
own.
46%
ride
46%
be
42%
be.
42%
hurricanes,
42%
look
42%
on
42%
world,
42%
your
42%
mirror
38%
there
33%
zero?
33%
corruption,
29%
faith
29%
god,
29%
ground
29%
of
29%
streets,
29%
today
29%
burdens
25%
front
25%
government
25%
livin'
25%
Mass
25%
mass
25%
top
25%
wept.
25%
building,
21%
destruction
21%
hey.
21%
Hey,
21%
puddles
21%
relief,
21%
Scarface.
21%
shooters
21%
what
21%
at
17%
beat
17%
comin'.
17%
flood
17%
heart
17%
law,
17%
lungs
17%
poor
17%
run,
17%
smoke
17%
tears,
17%
tryna
17%
aid
13%
ain't
13%
back
13%
breaks,
13%
bumps
13%
don't
13%
doorsteps.
13%
earthquake,
13%
hard
13%
lines
13%
sacrificed
13%
skip
13%
times
13%
even
8%
good?
8%
gotta
8%
greater
8%
needle.
8%
prophecy,
8%
rapture's
8%
souls
8%
sufferin'
8%
that's
8%
body
4%
deaf
4%
ears
4%
clutchin'
0%
dropped,
0%
No matching quizzes found
Score Distribution
Percent of People with Each Score
Percentile by Number Answered
Your Score History
You have not taken this quiz